<?xml version="1.0" encoding="UTF-8"?>
<collection xmlns="http://www.loc.gov/MARC21/slim">
 <record>
  <leader>     na                 </leader>
  <controlfield tag="001">INLIS000000000010571</controlfield>
  <controlfield tag="005">20250506103131</controlfield>
  <datafield tag="035" ind1=" " ind2=" ">
   <subfield code="a">0010-0722000032</subfield>
  </datafield>
  <controlfield tag="007">ta</controlfield>
  <controlfield tag="008">250506                g          0 ind  </controlfield>
  <datafield tag="020" ind1=" " ind2=" ">
   <subfield code="a">979-3566-21-3</subfield>
  </datafield>
  <datafield tag="082" ind1=" " ind2=" ">
   <subfield code="a">63.001.6</subfield>
  </datafield>
  <datafield tag="084" ind1=" " ind2=" ">
   <subfield code="a">63.001.6 PUS i</subfield>
  </datafield>
  <datafield tag="100" ind1="1" ind2=" ">
   <subfield code="a">Pusat Sosial Ekonomi dan Kebijakan Pertanian</subfield>
   <subfield code="e">Pengarang</subfield>
  </datafield>
  <datafield tag="245" ind1="1" ind2=" ">
   <subfield code="a">Isu Kontemporer Kebijakan Pembangunan Pertanian 2000-2004 :</subfield>
   <subfield code="b">Pandangan Peneliti /</subfield>
   <subfield code="c">Pusat Sosial Ekonomi dan Kebijakan Pertanian</subfield>
  </datafield>
  <datafield tag="300" ind1=" " ind2=" ">
   <subfield code="a">v, 229p. :</subfield>
   <subfield code="b">ill. ;</subfield>
   <subfield code="c">23 cm</subfield>
  </datafield>
  <datafield tag="650" ind1=" " ind2="4">
   <subfield code="a">Kebijakan Pertanian</subfield>
  </datafield>
  <datafield tag="650" ind1=" " ind2="4">
   <subfield code="a">Kebijakan Pupuk</subfield>
  </datafield>
  <datafield tag="650" ind1=" " ind2="4">
   <subfield code="a">Politik Pertanian</subfield>
  </datafield>
  <datafield tag="650" ind1=" " ind2="4">
   <subfield code="a">Pemberdayaan Petani</subfield>
  </datafield>
  <datafield tag="650" ind1=" " ind2="4">
   <subfield code="a">Kinerja Pembangunan Pertanian</subfield>
  </datafield>
  <datafield tag="700" ind1="0" ind2=" ">
   <subfield code="a">Pantjar Simatupang</subfield>
   <subfield code="e">Penyunting</subfield>
  </datafield>
  <datafield tag="700" ind1="0" ind2=" ">
   <subfield code="a">Wahyuning K. Sejati</subfield>
   <subfield code="e">Penyunting</subfield>
  </datafield>
  <datafield tag="520" ind1=" " ind2=" ">
   <subfield code="a">Buku Isu Kontemporer Kebijakan Pembangunan Pertanian 2000-2004: Bunga Rampai ini membahas perubahan struktur politik yang semakin demokratis dalam beberapa tahun terakhir ini telah mendorong perubahan dalam peranan lembaga-lembaga pemerintah, yang harus memandang dirinya sebagai lembaga administratif pemerintah sekaligus lembaga pelayanan publik yang terlibat aktif dalam tata perubahan yang sedang terjadi. Sebagaimana seharusnya, lini kebijakan pembangunan diperlukan secara terbuka dengan mengajak partisipasi para wakil pemangku kebijakan dan pakar profesional. Buku ini bermanafaat bagi seluruh pembaca, baik untuk pengambil kebijakan, akademisi, aktivis kemasyarakatan, pelajar, pelaku swasta, maupun masyarakat pada umumnya.</subfield>
  </datafield>
  <datafield tag="264" ind1=" " ind2=" ">
   <subfield code="a">Bogor :</subfield>
   <subfield code="b">Pusat Sosial Ekonomi dan Kebijakan Pertanian,</subfield>
   <subfield code="c">2004</subfield>
  </datafield>
  <datafield tag="336" ind1=" " ind2=" ">
   <subfield code="2">rdacontent</subfield>
   <subfield code="a">Teks</subfield>
  </datafield>
  <datafield tag="337" ind1=" " ind2=" ">
   <subfield code="2">rdamedia</subfield>
   <subfield code="a">Tanpa Perantara</subfield>
  </datafield>
  <datafield tag="338" ind1=" " ind2=" ">
   <subfield code="2">rdacarrier</subfield>
   <subfield code="a">Volume</subfield>
  </datafield>
  <datafield tag="856" ind1=" " ind2=" ">
   <subfield code="a">Perpustakaan PSEKP</subfield>
  </datafield>
  <datafield tag="990" ind1=" " ind2=" ">
   <subfield code="a">344/PSEKP/2020</subfield>
  </datafield>
  <datafield tag="990" ind1=" " ind2=" ">
   <subfield code="a">678/PSEKP/2022</subfield>
  </datafield>
  <datafield tag="990" ind1=" " ind2=" ">
   <subfield code="a">679/PSEKP/2022</subfield>
  </datafield>
 </record>
</collection>
